000 00509nam a22001817a 4500
005 20230125113114.0
008 230125b |||||||| |||| 00| 0 eng d
020 _a81-85731-30-6
041 _aeng
082 _a615.10 SIN -H
100 _aSINGH ,HARKISHAN
_97489
245 _aHISTORY OF PHARMACY IN INDIA AND RELATED ASPECTS PHARMACOPOEIAS AND FORMULARIES -VOL-1
250 _a1st ed.
260 _bVALLABH PRAKASHAN
_c2009
300 _a159;P.
650 _aPHARMACY
_xD.PHARMA
_97090
942 _cBK
999 _c8204
_d8202